<?xml version="1.0" encoding="UTF-8"?>
<record
    xmlns:xsi="http://www.w3.org/2001/XMLSchema-instance"
    xsi:schemaLocation="http://www.loc.gov/MARC21/slim http://www.loc.gov/standards/marcxml/schema/MARC21slim.xsd"
    xmlns="http://www.loc.gov/MARC21/slim">

  <leader>00948nam a22002897a 4500</leader>
  <controlfield tag="003">OSt</controlfield>
  <controlfield tag="005">20260601171013.0</controlfield>
  <controlfield tag="008">260505b2006\\\\mx\|||||\||||\00|\0\spa\d</controlfield>
  <datafield tag="020" ind1=" " ind2=" ">
    <subfield code="a">9687871369</subfield>
  </datafield>
  <datafield tag="040" ind1=" " ind2=" ">
    <subfield code="a">ICI</subfield>
    <subfield code="b">spa</subfield>
    <subfield code="c">ICI</subfield>
  </datafield>
  <datafield tag="041" ind1=" " ind2=" ">
    <subfield code="a">spa</subfield>
  </datafield>
  <datafield tag="050" ind1=" " ind2=" ">
    <subfield code="a">ML420.C2546</subfield>
    <subfield code="b">G87 2006</subfield>
  </datafield>
  <datafield tag="245" ind1=" " ind2="0">
    <subfield code="a">Guty C&#xE1;rdenas :</subfield>
    <subfield code="b">cancionero /</subfield>
    <subfield code="c">coordinaci&#xF3;n Alvaro Vega ; edici&#xF3;n Enrique Martin</subfield>
  </datafield>
  <datafield tag="246" ind1=" " ind2="3">
    <subfield code="a">Cancionero</subfield>
  </datafield>
  <datafield tag="250" ind1=" " ind2=" ">
    <subfield code="a">Primera edici&#xF3;n</subfield>
  </datafield>
  <datafield tag="300" ind1=" " ind2=" ">
    <subfield code="a">226 p&#xE1;ginas</subfield>
    <subfield code="b">ilustraciones +</subfield>
    <subfield code="e">1 disco &#xF3;ptico (CD-ROM)</subfield>
  </datafield>
  <datafield tag="490" ind1=" " ind2="0">
    <subfield code="a">Serie cancioneros ; </subfield>
    <subfield code="v">2</subfield>
  </datafield>
  <datafield tag="600" ind1=" " ind2="1">
    <subfield code="a">C&#xE1;rdenas, Guty, </subfield>
    <subfield code="d">1905-1932</subfield>
    <subfield code="9">33472</subfield>
  </datafield>
  <datafield tag="650" ind1=" " ind2="4">
    <subfield code="a">M&#xFA;sica popular</subfield>
    <subfield code="x">Historia</subfield>
    <subfield code="z">Yucat&#xE1;n</subfield>
    <subfield code="9">33473</subfield>
  </datafield>
  <datafield tag="650" ind1=" " ind2="4">
    <subfield code="a">Canciones en espa&#xF1;ol</subfield>
    <subfield code="z">Yucat&#xE1;n</subfield>
    <subfield code="9">33474</subfield>
  </datafield>
  <datafield tag="650" ind1=" " ind2="4">
    <subfield code="a">Canciones con piano</subfield>
    <subfield code="9">33475</subfield>
  </datafield>
  <datafield tag="650" ind1=" " ind2="4">
    <subfield code="a">M&#xFA;sicos</subfield>
    <subfield code="9">25963</subfield>
  </datafield>
  <datafield tag="700" ind1=" " ind2="1">
    <subfield code="a">Vega, Alvaro, </subfield>
    <subfield code="e">editor</subfield>
    <subfield code="9">33476</subfield>
  </datafield>
  <datafield tag="700" ind1=" " ind2="1">
    <subfield code="a">Martin, Enrique,</subfield>
    <subfield code="e">editor</subfield>
    <subfield code="9">33477</subfield>
  </datafield>
  <datafield tag="942" ind1=" " ind2=" ">
    <subfield code="2">lcc</subfield>
    <subfield code="c">B</subfield>
    <subfield code="n">1</subfield>
  </datafield>
  <datafield tag="999" ind1=" " ind2=" ">
    <subfield code="c">20591</subfield>
    <subfield code="d">20591</subfield>
  </datafield>
</record>
